[Event "British Rapidplay"]
[Site "Peterborough"]
[Date "2024.03.02"]
[Round "2"]
[White "McClennon, David"]
[Black "Graff, Ben"]
[Result "0-1"]
[WhiteElo "1673"]
[BlackElo "1849"]
[PlyCount "66"]
[EventDate "2024.03.02"]
[EventType "swiss (rapid)"]
[EventRounds "11"]
[EventCountry "ENG"]
[SourceTitle "CB10_2024"]
[SourceDate "2024.03.06"]
[SourceVersion "1"]
[SourceVersionDate "2024.03.06"]
[SourceQuality "1"]

1. c4 e5 2. g3 Nf6 3. Bg2 Be7 4. Nc3 0-0 5. e3 Re8 6. Nge2 c6 7. d4 exd4 8. exd4 d6 9. 0-0 Bg4 10. b4 Qd7 11. b5 Bh3 12. Nf4 Bxg2 13. Nxg2 d5 14. bxc6 Qxc6 15. c5 Nbd7 16. Bb2 b6 17. cxb6 Nxb6 18. Ne3 Nc4 19. Nxc4 Qxc4 20. Rc1 Qb4 21. Qc2 Rac8 22. Qb3 Qxb3 23. axb3 Rb8 24. Rfe1 Rxb3 25. Na4 Rb4 26. Ra1 h6 27. Re2 Bd6 28. Rd2 Reb8 29. Ra2 Rc4 30. Bc3 Ne4 31. Rd3 Rb3 32. Rb2 Rxb2 33. Nxb2 Rxc3 0-1

[Event "GBR-ch 105th Weekend op"]
[Site "Hull"]
[Date "2018.07.29"]
[Round "5"]
[White "Gurjar, Roshan"]
[Black "McClennon, David"]
[Result "1-0"]
[WhiteElo "1292"]
[BlackElo "1077"]
[PlyCount "51"]
[EventDate "2018.07.27"]
[EventType "swiss"]
[EventRounds "5"]
[EventCountry "ENG"]
[SourceTitle "EXT 2019"]
[Source "ChessBase"]
[SourceDate "2018.10.10"]
[SourceVersion "1"]
[SourceVersionDate "2018.10.10"]
[SourceQuality "1"]

1. e4 c5 2. Nf3 Nc6 3. Bd3 g6 4. c3 Bg7 5. Bc2 e6 6. 0-0 Nge7 7. d4 cxd4 8. cxd4 d5 9. e5 0-0 10. Nc3 a6 11. Bf4 Bd7 12. a3 Nf5 13. Qd2 Qb6 14. Be3 Na5 15. Rab1 Nc4 16. Qe2 Nfxe3 17. fxe3 Bh6 18. e4 Be3+ 19. Kh1 Bxd4 20. exd5 Ne3 21. Rfe1 exd5 22. Nxd4 Nxc2 23. Nxc2 d4 24. Nd5 Qc5 25. Nf6+ Kg7 26. Nxd7 1-0